00180 2200085 4500001002100000005001500021035002400036300002000060990001400080YOGYA00000000010641920140823134452 0010-081400000103021 a432 hlm.b18 cm a7754-PK/B